Epidemiología moderna / (Record no. 135694)

MARC details
000 -LEADER
campo de control de longitud fija 00510nam a2200169 4500
001 - NÚMERO DE CONTROL
campo de control 135694
003 - IDENTIFICADOR DE NÚMERO DE CONTROL
campo de control ES-MaACL
007 - CAMPO FIJO DE DESCRIPCIÓN FÍSICA--INFORMACIÓN GENERAL
campo de control de longitud fija t|
008 - DATOS DE LONGITUD FIJA--INFORMACIÓN GENERAL
campo de control de longitud fija 070214s1987 sp r ||||1| spa d
020 ## - NÚMERO INTERNACIONAL ESTÁNDAR DEL LIBRO
Número Internacional Estándar del Libro 84-86251-68-0
100 1# - ENTRADA PRINCIPAL--NOMBRE DE PERSONA
Nombre de persona Rothman, Kenneth J.
9 (RLIN) 99974
245 10 - MENCIÓN DEL TÍTULO
Título Epidemiología moderna /
Mención de responsabilidad, etc. Kenneth J. Rothman ; traducción de Antonio Durán.
260 ## - PUBLICACIÓN, DISTRIBUCIÓN, ETC.
Lugar de publicación, distribución, etc. Madrid :
Nombre del editor, distribuidor, etc. Díaz de Santos,
Fecha de publicación, distribución, etc. 1987.
300 ## - DESCRIPCIÓN FÍSICA
Extensión XVIII, 397 p. ;
Dimensiones 24 cm.
700 1# - ENTRADA AGREGADA--NOMBRE PERSONAL
Nombre de persona Durán, Antonio.
9 (RLIN) 46170
852 ## - LOCALIZACIÓN
Ubicación ES-MaACL
Número de control de estantería B-9417
Sublocalización o colección R.115188
Holdings
Estatus retirado Estado de pérdida Estado de daño No para préstamo Biblioteca de origen Biblioteca actual Ubicación en estantería Fecha de adquisición Fuente de adquisición Total de préstamos Signatura topográfica completa Código de barras Visto por última vez Precio de reemplazo Tipo de ítem Koha
        Biblioteca del Ateneo de Madrid Biblioteca del Ateneo de Madrid Sala Pardo Bazán 17/01/2008     B-9417 1141224 23/02/2023 23/02/2023 Libro impreso